نعتيہ شا عر ی ميں ھيتی تجر بے (Record no. 167696)

MARC details
000 -LEADER
fixed length control field 00684nam a22001937a 4500
005 - DATE AND TIME OF LATEST TRANSACTION
control field 20190917115447.0
010 ## - LCCN (DPL NO)
LC control number UR-10463
020 ## - INTERNATIONAL STANDARD BOOK NUMBER
Terms of availability 300.00
International Standard Book Number -
035 ## - SYSTEM CONTROL NUMBER
System control number U-9018
037 ## - SOURCE OF ACQUISITION
Source of stock number/acquisition DBAD/PUB
Stock number -
082 ## - DEWEY DECIMAL CLASSIFICATION NUMBER
Classification number 841
100 ## - MAIN ENTRY--PERSONAL NAME
Personal name عليم صبا نو يد ی
245 ## - TITLE STATEMENT
Title نعتيہ شا عر ی ميں ھيتی تجر بے
Statement of responsibility, etc عليم صبا نو يد ی
246 ## - VARYING FORM OF TITLE
Remainder of title Natia Shairi Mein hy -yati Tahribey Urdu)
Title proper/short title by Aleem Saba Naveedi
260 ## - PUBLICATION, DISTRIBUTION, ETC. (IMPRINT)
Place of publication, distribution, etc Chennai
Name of publisher, distributor, etc Aleem Saba Naveedi
Date of publication, distribution, etc 2019ء
270 ## - ADDRESS
Address # 266,Triplicane High Road RiceMandy Street,
City Chennai
Postal code 600005
Telephone number 919176137462
Fax number -
300 ## - PHYSICAL DESCRIPTION
Extent 126 ص
Dimensions 22 Cm(Hb)
942 ## - ADDED ENTRY ELEMENTS (KOHA)
Source of classification or shelving scheme Dewey Decimal Classification
Item type Urdu Bks
Classification part 841
Call number suffix ع ل ی
Holdings
Withdrawn status Lost status Not for loan Collection code Home library Current library Date acquired Source of acquisition Cost, normal purchase price Full call number Barcode Copy number Cost, replacement price Koha item type
      Non-fiction Central Library Central Library 17/09/2019 DBAD/PUB 300.00 841 ع ل ی U-9018 1 300.00 Urdu Bks

© Delhi Public Library
Hit Counter
free hit counter